000 00770nam a22002297a 4500
008 201023b ||||| |||| 00| 0 fre d
020 _a2-7380-0214-5
040 _aBUAC
_cBEPAC
041 _afre
100 _ade Parcevaux, S.
245 _aDictionnaire encyclopédique d'agrométéorologie:
_bfrançais-anglais-espagnol
_c/S. de Parcevaux, D. Payen, P. Brochet
260 _aParis:
_bCILF: INRA: MÉTÉOFRANCE,
_cDL 1990
300 _a323p.
_bill., couv. ill. en coul.;
_c24 cm
500 _aBibliogr. pp. (315-318) Index: pp. (261-312)
650 _aDictionnaire encyclopédique d'agrométéorologie
700 _a Payen, D.
700 _aBrochet , P.
700 _aSamie, Ch.
700 _aHallaire, M.
700 _aMériaux, S.
942 _2ddc
_cLIVR
999 _c61085
_d61085